000 01263cad a22002175a 4500
001 L147411
008 090508s2009 xxk f 000 0 eng d
035 _a(Sirsi) u147411
041 0 _aeng
100 1 _aRispin, Chris
245 0 4 _aThe least you can do
_h[electronic resource]
260 _c2009
490 _aRICS Residential Property Journal
_vMay-June 2009, 8-9(2)
520 _aAdvises chartered surveyors on how to reduce their exposure to risk and potential Professional Indemnity Insurance claims. Outlines simple precautions such as knowing your client, ensuring accuracy of instruction from clients, agreeing terms of engagement, having a good documented routine for valuations, making sure that information held on file is valid, acting independently and being objective and transparent. Recommends ensuring that PCs and laptops are password protected and regular backing up of computer files.
520 _aArticle is member-only content and members must be registered with www.rics.org to access it.
590 _aKA
651 4 _aEngland and Wales
_y1543-
690 _aMANAGEMENT-BUSINESS MANAGEMENT
856 4 0 _uhttps://www.rics.org/site/download_feed.aspx?fileID=5567
_zView this item (member-only access) at www.rics.org
942 _n0
999 _c81528
_d81528